[Event "It (open) \"]
[Site "masterchessopen.com Bucharest (Romania)"]
[Date "2008.09.14"]
[Round "4"]
[White "Shishkin Vadim (UKR)"]
[Black "Azarov Sergei (BLR)"]
[Result "0-1"]
[WhiteElo "2502"]
[BlackElo "2613"]

1.d4 Nf6 2.c4 e6 3.Nc3 Bb4 4.Qc2 d5 5.a3 Bxc3+ 6.Qxc3 c5 7.dxc5 d4 8.Qc2 e5
9.g3 O-O 10.Bg2 a5 11.Bd2 Nc6 12.Rd1 Re8 13.e4 a4 14.Bb4 b6 15.cxb6 Qxb6
16.Bd6 Ba6 17.Nf3 Qa5+ 18.Nd2 Red8 19.c5 Qb5 20.Nb1 Ne8 21.Bf1 Qa5+ 22.Nd2
Nxd6 23.cxd6 Rxd6 24.Bxa6 Qxa6 25.Nc4 d3 26.Qc3 d2+ 27.Rxd2 Rxd2 28.Kxd2 Nd4
29.Nxe5 Qe2+ 30.Kc1 Nb3+ {#R} 0-1

[Event "Ch Poland (team) (Extra League)"]
[Site "masterchessopen.com Karpacz (Poland)"]
[Date "2008.09.14"]
[Round "9"]
[White "Ksieski Zbigniew (POL)"]
[Black "Gajewski Grzegorz (POL)"]
[Result "0-1"]
[WhiteElo "2385"]
[BlackElo "2577"]

1.d4 Nf6 2.c4 e6 3.Nc3 Bb4 4.Qc2 d5 5.a3 Bxc3+ 6.Qxc3 c5 7.dxc5 d4 8.Qg3 O-O
9.Bh6 Ne8 10.O-O-O e5 11.h4 Kh8 12.Bd2 Nc6 13.h5 b6 14.h6 g6 15.f4 bxc5
16.fxe5 Rb8 17.Bg5 Qb6 18.Rd2 Na5 19.b4 Nxc4 20.Be7 cxb4 21.a4 b3 22.Rb2 Qc7
23.Bxf8 Nxb2+ 24.Kxb2 Qc2+ 25.Ka1 Qc1# 0-1

[Event "Memorial Georgiev-Kesarovski (open)"]
[Site "masterchessopen.com Sunny Beach (Bulgaria)"]
[Date "2008.09.14"]
[Round "9"]
[White "Papadakis Michalis (GRE)"]
[Black "Andonovski Ljubisa (MKD)"]
[Result "1-0"]
[WhiteElo "2151"]
[BlackElo "2292"]

1.d4 Nf6 2.c4 e6 3.Nc3 Bb4 4.Qc2 d5 5.a3 Bxc3+ 6.Qxc3 dxc4 7.Qxc4 b6 8.Bg5 Ba6
9.Qc3 Nbd7 10.e3 Bxf1 11.Kxf1 Rc8 12.Qc6 O-O 13.Nf3 Nb8 14.Qb7 c5 15.Bxf6 Qxf6
16.Rc1 Nc6 17.Ke2 e5 18.d5 Na5 19.Qxa7 e4 20.Nd2 Qxb2 21.Rhd1 c4 22.Rb1 Qc2
23.Qxb6 Nb3 24.Rxb3 cxb3 25.Qxb3 Rfd8 26.Qxc2 Rxc2 27.Ke1 f5 28.Nb3 Rc3 29.Na5
Kf7 30.Nc6 Rd6 31.a4 Rc5 32.a5 Rdxd5 33.Rxd5 Rxd5 34.a6 Rb5 35.a7 Rb1+ 36.Kd2
Ra1 37.Kc3 Ke6 38.Kb4 Rb1+ 39.Kc5 Ra1 40.Kb6 Rb1+ 41.Ka6 {#r} 1-0

[Event "Ch European Union"]
[Site "masterchessopen.com Liverpool (England)"]
[Date "2008.09.16"]
[Round "8"]
[White "David Alberto (LUX)"]
[Black "Trent Lawrence (ENG)"]
[Result "1-0"]
[WhiteElo "2585"]
[BlackElo "2470"]

1.d4 Nf6 2.c4 e6 3.Nc3 Bb4 4.Qc2 d5 5.a3 Bxc3+ 6.Qxc3 c5 7.dxc5 d4 8.Qg3 O-O
9.Bh6 Ne8 10.h4 f6 11.h5 Nc6 12.Nf3 e5 13.e4 a5 14.Nh4 a4 15.Bd3 Qa5+ 16.Bd2
Qxc5 17.O-O b6 18.Ng6 Rf7 19.f4 exf4 20.Nxf4 Qe5 21.Qh4 Nd6 22.Nd5 Ba6 23.Bf4
Qe6 24.Nxb6 Rd8 25.Nxa4 Bxc4 26.Nc5 Qe8 27.Bxd6 Bxd3 28.Nxd3 Rxd6 29.h6 gxh6
30.Qg3+ {#r} 1-0

[Event "Memorial E.Geller (open)"]
[Site "masterchessopen.com Odessa (Ukraine)"]
[Date "2008.09.16"]
[Round "8"]
[White "Makarov Pavlo (UKR)"]
[Black "Chudinovskikh Alexander M (RUS)"]
[Result "0-1"]
[WhiteElo "2161"]
[BlackElo "2374"]

1.d4 Nf6 2.c4 e6 3.Nc3 Bb4 4.Qc2 d5 5.a3 Bxc3+ 6.bxc3 c5 7.e3 O-O 8.Nf3 Nc6
9.cxd5 exd5 10.Be2 Ne4 11.Nd2 Bf5 12.Bd3 cxd4 13.Nxe4 dxe4 14.Bxe4 d3 15.Qa4
b5 {#R} 0-1

[Event "It (cat.9)"]
[Site "masterchessopen.com Buenos Aires (Argentina)"]
[Date "2008.10.02"]
[Round "4"]
[White "Lemos Damian (ARG)"]
[Black "Mareco Sandro (ARG)"]
[Result "1-0"]
[WhiteElo "2495"]
[BlackElo "2481"]

1.d4 Nf6 2.c4 e6 3.Nc3 Bb4 4.Qc2 d5 5.a3 Bxc3+ 6.Qxc3 c5 7.dxc5 d4 8.Qg3 O-O
9.Bh6 Ne8 10.O-O-O e5 11.Nf3 f6 12.Bd2 b6 13.Qh4 Na6 14.Nxe5 g5 15.Qg3 Nxc5
16.Ng4 Nd6 17.h4 Nde4 18.Nh6+ Kg7 19.Qf3 Kxh6 20.hxg5+ Kg7 21.g6 Ng5 22.Bxg5
fxg5 23.Rxh7+ Kg8 24.Qh5 Qf6 25.e4 Nxe4 26.c5 Be6 27.g7 Qf4+ 28.Kb1 Nd2+
29.Rxd2 Bf5+ 30.Bd3 Rf6 31.Rh8+ Kxg7 32.Rxa8 {#r} 1-0

[Event "Ch Commonwealth"]
[Site "masterchessopen.com Nagpur (India)"]
[Date "2008.10.05"]
[Round "10"]
[White "Chatterjee Debaraj (BAN)"]
[Black "Vaibhav Suri (IND)"]
[Result "0-1"]
[WhiteElo "2220"]
[BlackElo "2126"]

1.d4 Nf6 2.c4 e6 3.Nc3 Bb4 4.Qc2 d5 5.a3 Bxc3+ 6.Qxc3 dxc4 7.Qxc4 b6 8.Bf4 Nd5
9.Bg3 O-O 10.e4 Ba6 11.Qc2 Bxf1 12.Kxf1 Ne7 13.Rd1 Nbc6 14.d5 exd5 15.exd5
Nxd5 16.Qxc6 Ne3+ 17.fxe3 Qxd1+ 18.Be1 Rad8 19.Nf3 Rd3 20.Qe4 Rb3 21.Qe5 Qc1
22.h4 Rxe3 23.Qd4 Rfe8 24.Kf2 Re2+ 25.Kg3 Qc2 26.Rg1 Qg6+ 27.Kh2 h6 28.Bc3
R8e3 29.Qf4 Re4 30.Qxc7 Qf5 31.Qg3 Rg4 32.Nd4 Qh5 33.Nxe2 Rxh4+ 34.Qh3 Rxh3+
35.gxh3 Qxe2+ 36.Rg2 {#R} 0-1

[Event "World Mindsports Games (Blitz Team)"]
[Site "masterchessopen.com Beijing (China)"]
[Date "2008.10.13"]
[Round "11"]
[White "Likavsky Tomas (SVK)"]
[Black "Shabalov Alexander (USA)"]
[Result "0-1"]
[WhiteElo "2498"]
[BlackElo "2585"]

1.d4 Nf6 2.c4 e6 3.Nc3 Bb4 4.Qc2 d5 5.a3 Bxc3+ 6.Qxc3 dxc4 7.Qxc4 b6 8.Bf4 Nd5
9.Bg3 Ba6 10.Qc2 O-O 11.Nf3 c5 12.dxc5 bxc5 13.e4 Bxf1 14.Kxf1 Nf6 15.Bh4 Qb6
16.Bxf6 gxf6 17.g3 Nc6 18.Kg2 Nd4 19.Qc3 a5 20.Rhd1 Rfd8 21.Rab1 a4 22.Rd2 e5
23.Rbd1 Rdc8 24.Nh4 Qe6 25.Qe3 Kg7 26.Rd3 Rab8 27.R1d2 Rb3 28.Rxb3 axb3 29.Rd3
c4 30.Rc3 Qd7 31.h3 Qe6 32.g4 Kh8 33.Nf5 Nxf5 34.exf5 Qd5+ 35.Qf3 e4 36.Qe3
Qe5 37.Qd2 Qc7 38.Qd4 Qc6 39.Re3 Re8 40.h4 Kg8 41.Kh3 Re5 42.h5 Kg7 43.Kh4 h6
44.Rc3 Rc5 45.Re3 Qc7 46.Kh3 Qc6 47.Qd8 c3 48.Rxc3 Rxc3+ 49.bxc3 {#R} 0-1

[Event "World Mindsports Games (Blitz Team)"]
[Site "masterchessopen.com Beijing (China)"]
[Date "2008.10.13"]
[Round "10"]
[White "Steingrimsson Hedinn (ISL)"]
[Black "Neubauer Martin (AUT)"]
[Result "0-1"]
[WhiteElo "2540"]
[BlackElo "2422"]

1.d4 Nf6 2.c4 e6 3.Nc3 Bb4 4.Qc2 d5 5.a3 Bxc3+ 6.Qxc3 dxc4 7.Qxc4 b6 8.Nf3 O-O
9.Bf4 Ba6 10.Qxc7 Qxc7 11.Bxc7 Rc8 12.Bf4 Nc6 13.Bd2 Na5 14.Bxa5 bxa5 15.Nd2
Rab8 16.b3 Rc2 17.e3 Bxf1 18.Rxf1 a4 19.b4 Rbc8 20.Kd1 h5 21.h3 g5 22.g3 Kg7
23.f3 Nd5 24.Ke2 R8c3 25.e4 Ne3 26.Rfb1 Nc4 27.Rd1 Rb2 28.Ke1 Re3+ 29.Kf2 Rd3
30.Rac1 Rdxd2+ 31.Rxd2 Nxd2 32.Ke3 Nf1+ 33.Kd3 Rb3+ 34.Kc4 Nxg3 35.Kb5 Rxa3
36.Rc7 Rxf3 37.d5 exd5 38.exd5 Ne4 39.Rxa7 Rd3 40.Kc4 Rd1 41.Rxa4 g4 42.hxg4
hxg4 43.b5 g3 44.Ra2 Nd2+ 45.Kc5 g2 46.Kc6 g1=Q 47.Ra4 Rc1+ 48.Kd7 Qb6 49.Rg4+
Kf8 50.d6 Qb7+ {#R} 0-1

[Event "Ch World (juniors) (under 16)"]
[Site "masterchessopen.com Vung Tau (Vietnam)"]
[Date "2008.10.20"]
[Round "1"]
[White "Saeed Ishaq (UAE)"]
[Black "Veits Janis (LAT)"]
[Result "1-0"]
[WhiteElo "2179"]
[BlackElo "1809"]

1.d4 Nf6 2.c4 e6 3.Nc3 Bb4 4.Qc2 d5 5.a3 Bxc3+ 6.Qxc3 O-O 7.Nf3 Nbd7 8.Bg5 c6
9.cxd5 exd5 10.Qc2 Qe7 11.e3 h6 12.Bh4 Qe6 13.Bd3 Ne4 14.Nd2 Nd6 15.O-O Nf6
16.Rae1 g5 17.Bg3 Nfe4 18.Be5 f5 19.f3 Nxd2 20.Qxd2 Bd7 21.Qb4 Nf7 22.Bg3 b6
23.e4 f4 24.exd5 Qxd5 25.Bc4 Qxd4+ 26.Bf2 Qf6 27.Qe7 Qf5 28.Rd1 Qc2 29.Bd3
{#r} 1-0

[Event "Ch World (juniors) (under 16)"]
[Site "masterchessopen.com Vung Tau (Vietnam)"]
[Date "2008.10.21"]
[Round "2"]
[White "Saeed Ishaq (UAE)"]
[Black "Sethuraman S P (IND)"]
[Result "0-1"]
[WhiteElo "2179"]
[BlackElo "2441"]

1.d4 Nf6 2.c4 e6 3.Nc3 Bb4 4.Qc2 d5 5.a3 Bxc3+ 6.Qxc3 c5 7.dxc5 d4 8.Qc2 e5
9.e3 Nc6 10.Bd3 Qe7 11.exd4 Nxd4 12.Qc3 Bg4 13.f3 e4 14.fxe4 O-O-O 15.Bg5 Qe5
16.Bxf6 gxf6 17.g3 f5 18.Rc1 Rhe8 19.b4 fxe4 20.Be2 Bf3 21.Bxf3 Nxf3+ 22.Kf1
Rd1+ 23.Kg2 Rd2+ 24.Kf1 e3 25.Qxe5 Rf2# 0-1

[Event "It (open)"]
[Site "masterchessopen.com Bad Wiessee (Germany)"]
[Date "2008.11.06"]
[Round "6"]
[White "Salvermoser Bernd (GER)"]
[Black "Llaneza Vega Marcos (ESP)"]
[Result "0-1"]
[WhiteElo "2304"]
[BlackElo "2485"]

1.d4 Nf6 2.c4 e6 3.Nc3 Bb4 4.Qc2 d5 5.a3 Bxc3+ 6.Qxc3 c5 7.dxc5 d4 8.Qc2 Nc6
9.b4 e5 10.e4 O-O 11.Bd3 a5 12.Rb1 axb4 13.axb4 Nh5 14.Ne2 Qf6 15.O-O g5 16.f3
Nf4 17.g3 Nh3+ 18.Kg2 Ne7 19.f4 gxf4 20.gxf4 exf4 21.Nxf4 Kh8 22.Nxh3 Qg7+
23.Ng5 h6 24.h4 hxg5 25.hxg5 Ng6 26.Qf2 Ne5 27.Rh1+ Kg8 28.Qxd4 Bg4 29.Bb2
Bf3+ 30.Kf2 Rfe8 31.Be2 Bxh1 32.Rxh1 Ra2 33.Kf1 Qg6 34.Qd7 Qe6 35.Qxe6 Rxe6
36.Bd4 Rd2 37.Be3 Rb2 38.b5 Nxc4 39.Bc1 Rc2 40.c6 Rxc1+ {#R} 0-1

[Event "Olympiad"]
[Site "masterchessopen.com Dresden (Germany)"]
[Date "2008.11.17"]
[Round "5"]
[White "Lenic Luka (SLO)"]
[Black "Delchev Aleksander (BUL)"]
[Result "0-1"]
[WhiteElo "2569"]
[BlackElo "2632"]

1.d4 Nf6 2.c4 e6 3.Nc3 Bb4 4.Qc2 d5 5.a3 Bxc3+ 6.Qxc3 dxc4 7.Qxc4 b6 8.Nf3 O-O
9.Bg5 Ba6 10.Qc2 c5 11.dxc5 bxc5 12.Rd1 Qa5+ 13.Qd2 Nc6 14.Rc1 Ne4 15.Qxa5
Nxa5 16.Bf4 Nb3 17.Rc2 Rfd8 18.e3 Bxf1 19.Rxf1 Rd5 20.h3 f6 21.Ke2 Rad8 22.g4
h6 23.Re1 e5 24.Bh2 Ng5 25.Nxg5 Rd2+ 26.Rxd2 Rxd2+ 27.Kf1 hxg5 28.Re2 Rd1+
29.Kg2 Kf7 30.Rc2 Rd2 31.Rxd2 Nxd2 32.f4 Ke6 33.fxg5 fxg5 34.Kf2 Kd5 35.Ke2
Nc4 36.e4+ Kxe4 37.Bg1 Nxb2 38.Bxc5 a6 39.Be3 Nd3 40.Bxg5 Nf4+ 41.Kd2 Nxh3
42.Bd8 Kf3 43.Kc3 e4 44.Kb4 e3 45.Kc5 Kxg4 46.Ba5 Kf3 {#R} 0-1

[Event "Tournament (weekend)"]
[Site "masterchessopen.com Recco (Italy)"]
[Date "2008.11.29"]
[Round "2"]
[White "Brun Dario (ITA)"]
[Black "Caputi Giuliano (ITA)"]
[Result "1-0"]
[WhiteElo "2269"]
[BlackElo "1963"]

1.d4 Nf6 2.c4 e6 3.Nc3 Bb4 4.Qc2 d5 5.a3 Bxc3+ 6.Qxc3 O-O 7.Bg5 dxc4 8.Qxc4
Qd5 9.Qxd5 Nxd5 10.e4 h6 11.Bd2 Nf6 12.f3 Nbd7 13.Rc1 c6 14.Ne2 e5 15.Bc3 Re8
16.b4 Nh7 17.Kf2 Nhf8 18.g3 g6 19.Rd1 exd4 20.Nxd4 Nb6 21.Be2 Bd7 22.Rhe1 Rad8
23.Nb3 Bc8 24.Bf6 Rxd1 25.Rxd1 Nfd7 26.Bd4 f6 27.Nc5 Kf7 28.Nxd7 Nxd7 29.Bxa7
b5 30.Rd6 Re6 31.Rxe6 Kxe6 32.f4 g5 33.Ke3 Nf8 34.Bg4+ {#r} 1-0

[Event "It (open) (b)"]
[Site "masterchessopen.com Zadar (Croatia)"]
[Date "2008.12.17"]
[Round "6"]
[White "Medic Miljenko (CRO)"]
[Black "Logar Metod (SLO)"]
[Result "1-0"]
[WhiteElo "2230"]
[BlackElo "2110"]

1.d4 Nf6 2.c4 e6 3.Nc3 Bb4 4.Qc2 d5 5.a3 Bxc3+ 6.Qxc3 c5 7.dxc5 d4 8.Qc2 Qc7
9.e3 Nc6 10.Nf3 e5 11.Be2 O-O 12.O-O Rd8 13.e4 Bg4 14.Qd3 a5 15.Bd2 a4 16.Bd1
Nd7 17.Bb4 Ne7 18.Nxd4 Nxc5 19.Nb5 Qc8 20.Qe3 b6 21.Bxg4 Qxg4 22.h3 Qe6
23.Bxc5 bxc5 24.Nc7 Qxc4 25.Nxa8 Rxa8 {#r} 1-0

[Event "Ch Europe (active)"]
[Site "masterchessopen.com Warsaw (Poland)"]
[Date "2008.12.20"]
[Round "7"]
[White "Olszewski Michal (POL)"]
[Black "Zhigalko Sergei (BLR)"]
[Result "1-0"]
[WhiteElo "2498"]
[BlackElo "2592"]

1.d4 Nf6 2.c4 e6 3.Nc3 Bb4 4.Qc2 d5 5.a3 Bxc3+ 6.Qxc3 c5 7.dxc5 d4 8.Qg3 Nc6
9.Qxg7 Rg8 10.Qh6 Rg6 11.Qh4 e5 12.b4 a5 13.b5 Ne7 14.Bg5 a4 15.b6 Neg8 16.Nf3
Qe7 17.e3 h6 18.Bxf6 Nxf6 19.exd4 exd4+ 20.Kd1 Be6 21.Qf4 O-O-O 22.c6 Rg4
23.Qe5 bxc6 24.h3 Rg6 25.Bd3 Rxg2 26.Qa5 Kd7 27.b7 Ke8 28.Rb1 Rb8 29.Qa7 Qc7
30.Nxd4 Bd7 31.Qc5 Rxb7 32.Re1+ Be6 33.Rxb7 Qxb7 34.Bf5 Nd7 35.Qd6 Qb8 36.Qxc6
Qf4 37.Qa8+ Ke7 38.Qd5 Rxf2 39.Nxe6 Rf1 40.Nxf4+ {#r} 1-0

[Event "Cup Asian Club"]
[Site "masterchessopen.com Al Ain (United Arab Emirates)"]
[Date "2008.12.27"]
[Round "3"]
[White "Safin Shukhrat (UZB)"]
[Black "Sargissian Gabriel (ARM)"]
[Result "1-0"]
[WhiteElo "2510"]
[BlackElo "2642"]

1.d4 Nf6 2.c4 e6 3.Nc3 Bb4 4.Qc2 d5 5.a3 Bxc3+ 6.Qxc3 c5 7.dxc5 d4 8.Qg3 Nc6
9.Nf3 e5 10.e4 O-O 11.Bd3 b6 12.cxb6 axb6 13.O-O Re8 14.Bg5 Qd6 15.Nh4 Nh5
16.Qf3 g6 17.g3 Be6 18.Rac1 Qd7 19.Qd1 Rec8 20.Be2 f6 21.Bh6 Ng7 22.a4 g5
23.Bxg7 Kxg7 24.Ng2 Nb4 25.b3 Na2 26.Rc2 Nc3 27.Qd3 f5 28.Rxc3 dxc3 29.exf5
Bxf5 30.Qxc3 Qe7 31.Ne3 Be4 32.Bf3 {#r} 1-0

[Event "Cup Rilton"]
[Site "masterchessopen.com Stockholm (Sweden)"]
[Date "2009.01.03"]
[Round "7"]
[White "Hillarp Persson Tiger (SWE)"]
[Black "Kuzubov Yuriy (UKR)"]
[Result "0-1"]
[WhiteElo "2596"]
[BlackElo "2635"]

1.d4 Nf6 2.c4 e6 3.Nc3 Bb4 4.Qc2 d5 5.a3 Bxc3+ 6.Qxc3 c5 7.dxc5 d4 8.Qg3 Nc6
9.b4 O-O 10.Bh6 Ne8 11.Nf3 b6 12.e3 bxc5 13.exd4 cxb4 14.Bd3 b3 15.O-O Ba6
16.Bg5 Qd7 17.Rab1 f6 18.Qh3 h6 19.Be3 Na5 20.d5 Nxc4 21.Bxh6 Nxa3 22.Bxa6
Nxb1 23.dxe6 Qd5 24.Rxb1 Rb8 25.Qg4 f5 26.Qc4 Qe4 27.Rxb3 Rxb3 28.Qxb3 gxh6
29.e7+ Rf7 30.Bc4 Qxe7 31.g3 Nd6 32.Bxf7+ Nxf7 33.Qb8+ Kg7 34.Qb2+ Qf6 35.Qa2
a6 36.Qa4 Qd6 37.Nd4 Qd5 {#R} 0-1

[Event "Ch Belarus"]
[Site "masterchessopen.com Minsk (Belarus)"]
[Date "2009.01.21"]
[Round "9"]
[White "Podolchenko Evgeniy (BLR)"]
[Black "Maiorov Nikita (BLR)"]
[Result "0-1"]
[WhiteElo "2463"]
[BlackElo "2513"]

1.d4 Nf6 2.c4 e6 3.Nc3 Bb4 4.Qc2 d5 5.a3 Bxc3+ 6.Qxc3 c5 7.dxc5 d4 8.Qc2 e5
9.e3 Nc6 10.Nf3 O-O 11.b4 Re8 12.Bb2 d3 13.Qc3 Bf5 14.b5 Ne4 15.Qc1 Qa5+
16.Nd2 Nd4 17.Bxd3 Nb3 18.Qc2 Nbxd2 19.O-O-O Nxc5 20.Rxd2 Nxd3+ 21.Rxd3 Qc7
{#R} 0-1

[Event "Ch Cuba"]
[Site "masterchessopen.com Las Tunas (Cuba)"]
[Date "2009.01.22"]
[Round "3"]
[White "Bruzon Lazaro (CUB)"]
[Black "Hernandez Holden (CUB)"]
[Result "1-0"]
[WhiteElo "2619"]
[BlackElo "2573"]

1.d4 Nf6 2.c4 e6 3.Nc3 Bb4 4.Qc2 d5 5.a3 Bxc3+ 6.Qxc3 c5 7.dxc5 d4 8.Qg3 O-O
9.Bh6 Ne8 10.h4 f6 11.Bd2 a5 12.e3 e5 13.Nf3 dxe3 14.Bxe3 Na6 15.h5 a4 16.Nh4
Qc7 17.Bd3 f5 18.h6 g6 19.O-O-O Nxc5 20.Bxc5 Qxc5 21.Bc2 Ra6 22.Qc3 Be6 23.Nf3
e4 24.Ne5 Nf6 25.Rd2 f4 26.Re1 Bf5 27.Nd7 Bxd7 28.Rxd7 Qxf2 29.Bxe4 Qh4
30.Bd5+ Kh8 31.Rf7 Qxh6 32.Qh3 Nh5 33.Rxf8+ Qxf8 34.Qd7 Nf6 35.Qxb7 Rd6 36.Bc6
Rd4 37.Bb5 Qd6 38.Qf7 Ne4 39.Bxa4 Rxc4+ 40.Kb1 Qf6 41.Qe8+ Kg7 42.Rxe4 {#r}
1-0

[Event "It (open) \"]
[Site "masterchessopen.com Gibraltar (England)"]
[Date "2009.01.28"]
[Round "2"]
[White "Benson Oisin P (IRL)"]
[Black "Miedema Roi (NED)"]
[Result "0-1"]
[WhiteElo "1967"]
[BlackElo "2432"]

1.d4 e6 2.c4 Nf6 3.Nc3 Bb4 4.Qc2 d5 5.a3 Bxc3+ 6.Qxc3 c5 7.dxc5 d4 8.Qg3 Nc6
9.Qxg7 Rg8 10.Qh6 Rg6 11.Qd2 e5 12.b4 Bf5 13.Bb2 Ne4 14.Qc1 a5 15.Nf3 axb4
16.axb4 Nxb4 17.Nxe5 Rxa1 18.Bxa1 Qa5 19.Bc3 Nxc3 20.f3 Ne4 21.fxe4 Nd3+
22.Kd1 Qe1+ 23.Kc2 Qc3+ {#R} 0-1

[Event "Ch Romania (w)"]
[Site "masterchessopen.com Eforie Nord (Romania)"]
[Date "2009.02.06"]
[Round "7"]
[White "Adoamnei Roxana (ROM)"]
[Black "Todoran Maria-Elena (ROM)"]
[Result "1-0"]
[WhiteElo "1974"]
[BlackElo "1764"]

1.d4 Nf6 2.c4 e6 3.Nc3 Bb4 4.Qc2 d5 5.a3 Bxc3+ 6.Qxc3 O-O 7.Bg5 Nbd7 8.e3 b6
9.cxd5 exd5 10.Rc1 c5 11.dxc5 Nxc5 12.Bxf6 gxf6 13.Nf3 Be6 14.b4 Ne4 15.Qb2
Kh8 16.Nd4 Rc8 17.Ba6 Rxc1+ 18.Qxc1 Rg8 19.g3 Nd6 20.Qc3 Rg6 21.f3 Qe7 22.Kf2
h5 23.Bd3 Rh6 24.h4 Kg8 25.Rc1 Ne8 26.Nb5 f5 27.Qe5 f6 28.Qf4 Rh7 29.Bxf5 Bxf5
30.Qxf5 Qf7 31.Rc8 Kg7 32.Ra8 {#r} 1-0

[Event "Bundesliga 2008/09"]
[Site "masterchessopen.com Austria"]
[Date "2009.03.20"]
[Round "9"]
[White "Likavsky Tomas (SVK)"]
[Black "Najer Evgeniy (RUS)"]
[Result "0-1"]
[WhiteElo "2484"]
[BlackElo "2663"]

1.d4 Nf6 2.c4 e6 3.Nc3 Bb4 4.Qc2 d5 5.a3 Bxc3+ 6.Qxc3 c5 7.dxc5 d4 8.Qg3 Nc6
9.Nf3 O-O 10.Bh6 Ne8 11.e4 e5 12.Bd3 f5 13.exf5 Bxf5 14.Bxf5 Rxf5 15.O-O e4
16.Bg5 Qd7 17.Nd2 Re5 18.f4 Re7 19.Bxe7 Qxe7 20.b4 Nf6 21.Nb3 a5 22.b5 a4
23.bxc6 axb3 24.cxb7 Qxb7 25.c6 Qb6 26.c5 Qb5 27.a4 Qb4 28.Qh3 d3 29.Qe6+ Kh8
30.Qd6 d2 31.c7 Re8 32.Rf2 e3 33.Re2 b2 34.Rb1 Qc3 35.h3 Qc1+ 36.Kh2 Qxb1
37.Rxe3 Rg8 38.Qxd2 Qc1 {#R} 0-1

[Event "Bundesliga 2008/09"]
[Site "masterchessopen.com Austria"]
[Date "2009.03.22"]
[Round "11"]
[White "Likavsky Tomas (SVK)"]
[Black "Bosiocic Marin (CRO)"]
[Result "1-0"]
[WhiteElo "2484"]
[BlackElo "2551"]

1.d4 Nf6 2.c4 e6 3.Nc3 Bb4 4.Qc2 d5 5.a3 Bxc3+ 6.Qxc3 O-O 7.Nf3 dxc4 8.Qxc4 b6
9.Bf4 Ba6 10.Qxc7 Qd5 11.Qc2 Rc8 12.Qb1 Nbd7 13.e4 Qb7 14.e5 Bxf1 15.Rxf1 Nd5
16.Bd2 Qa6 17.Qe4 Rc6 18.Qe2 Qa4 19.Qd3 Rc2 20.b3 Qc6 21.Kd1 Rb2 22.Rc1 Qb7
23.Rc2 Rxc2 24.Kxc2 b5 25.Rb1 Nf8 26.Ng5 Ng6 27.g3 Rc8+ 28.Kd1 b4 29.Ne4 Nc3+
30.Bxc3 bxc3 31.Kc2 Rd8 32.f4 Ne7 33.Nxc3 Rc8 34.Kb2 h5 35.Rd1 a5 36.Qb5 Qc7
37.Rc1 Rb8 38.Qa4 Nf5 39.d5 exd5 40.Nxd5 Qa7 41.Qe4 Nd4 42.Rc3 a4 43.b4 Nb3
44.e6 Re8 45.exf7+ Qxf7 46.Qxe8+ {#r} 1-0

[Event "Memorial G.Agzamov (open)"]
[Site "masterchessopen.com Tashkent (Uzbekistan)"]
[Date "2009.03.22"]
[Round "7"]
[White "Golod Vitali (ISR)"]
[Black "Kasyan Aleksandr (UZB)"]
[Result "1-0"]
[WhiteElo "2599"]
[BlackElo "2304"]

1.d4 Nf6 2.c4 e6 3.Nc3 Bb4 4.Qc2 d5 5.a3 Bxc3+ 6.Qxc3 c5 7.dxc5 d4 8.Qg3 Nc6
9.Nf3 O-O 10.Bh6 Ne8 11.e4 Qa5+ 12.Bd2 Qa4 13.Ne5 Qc2 14.Bd3 Qxb2 15.Ke2 f5
16.Nxc6 fxe4 17.Ne7+ Kh8 18.Rhb1 {#r} 1-0

[Event "Ch Romania (juniors) (under 18) (g)"]
[Site "masterchessopen.com Voineasa (Romania)"]
[Date "2009.04.09"]
[Round "3"]
[White "Ursente Maria-Eugenia (ROM)"]
[Black "Todoran Maria-Elena (ROM)"]
[Result "1-0"]
[WhiteElo "1957"]
[BlackElo "1792"]

1.d4 Nf6 2.c4 e6 3.Nc3 Bb4 4.Qc2 d5 5.a3 Bxc3+ 6.Qxc3 O-O 7.Bg5 Nbd7 8.cxd5
exd5 9.e3 c6 10.Bd3 Qb6 11.Qc2 Re8 12.Ne2 h6 13.Bh4 Ne4 14.O-O Nf8 15.f3 Nd6
16.e4 dxe4 17.fxe4 Be6 18.b4 Bg4 19.Bf2 Qd8 20.h3 Bxe2 21.Qxe2 Ne6 22.Be3 Qe7
23.e5 Nc8 24.Qg4 Kh8 25.Qf5 Nf8 26.Qxf7 Qxf7 27.Rxf7 Ne7 28.Raf1 Rad8 29.R1f3
Ne6 30.h4 Nd5 31.Bf2 Ne7 32.Be4 Nxd4 33.Bxd4 Rxd4 34.Rxe7 Red8 35.Bg6 Rd1+
36.Kh2 R1d2 37.Kg3 {#r} 1-0

[Event "It \"]
[Site "masterchessopen.com Serpukhov (Russia)"]
[Date "2009.05.06"]
[Round "11"]
[White "Belous Vladimir (RUS)"]
[Black "Podolchenko Evgeniy (BLR)"]
[Result "0-1"]
[WhiteElo "2426"]
[BlackElo "2463"]

1.d4 Nf6 2.c4 e6 3.Nc3 Bb4 4.Qc2 d5 5.a3 Bxc3+ 6.Qxc3 c5 7.dxc5 d4 8.Qc2 e5
9.e4 Nc6 10.b4 a5 11.b5 Ne7 12.a4 O-O 13.Ba3 Re8 14.Nf3 Ng6 15.Nd2 Nf4 16.g3
Ne6 17.Bd3 Qc7 18.c6 bxc6 19.c5 Qe7 20.Nb3 Ng5 21.h4 Nf3+ 22.Kf1 Bg4 23.Kg2
Red8 24.Rad1 Qe6 25.Bc4 Qc8 26.Be2 d3 27.Rxd3 Bh3+ 28.Kxf3 Qg4+ 29.Ke3 Qxe4+
30.Kd2 Qxh1 31.Nxa5 Bf5 32.Nxc6 Bxd3 33.Bxd3 e4 {#R} 0-1

[Event "Ch Germany (juniors) (Internet) (under 25) (qual2)"]
[Site "masterchessopen.com Internet"]
[Date "2009.05.13"]
[Round "3"]
[White "Figura Atila Gajo (GER)"]
[Black "Alvermann Christian (GER)"]
[Result "1-0"]
[WhiteElo "2436"]
[BlackElo "1711"]

1.d4 Nf6 2.c4 e6 3.Nc3 Bb4 4.Qc2 d5 5.a3 Bxc3+ 6.Qxc3 O-O 7.Nf3 Ne4 8.Qc2 Nc6
9.e3 Qd7 10.Bd3 Nf6 11.O-O Re8 12.b4 e5 13.b5 e4 14.bxc6 bxc6 15.Ne5 exd3
16.Qxd3 Qe6 17.c5 a5 18.Qc2 Ba6 19.Re1 Ne4 20.f3 f6 21.Ng4 Ng5 22.Bd2 h5
23.Nf2 Kf7 24.Bxa5 Bb5 25.Bxc7 Qd7 26.Bd6 Ba4 27.Qd2 Bb5 28.Nd3 Ne6 29.Nb2 h4
30.a4 Ba6 31.h3 Ra7 32.Nd1 Rb7 33.e4 Nf8 34.Nc3 Bc4 35.Qf4 g5 36.Qd2 Ng6
37.exd5 Rxe1+ 38.Rxe1 Bxd5 39.Nxd5 cxd5 40.Qa2 Qc6 41.a5 Ra7 42.Rb1 Qa8 43.Rb8
Qc6 44.Rb6 Qa8 45.a6 Ne7 46.c6 Nxc6 47.Qxd5+ {#r} 1-0

[Event "It (active)"]
[Site "masterchessopen.com Hustopece (Czech Republic)"]
[Date "2009.06.06"]
[Round "9"]
[White "Hracek Zbynek (CZE)"]
[Black "Petrik Tomas (SVK)"]
[Result "1-0"]
[WhiteElo "2608"]
[BlackElo "2529"]

1.d4 e6 2.c4 Nf6 3.Nc3 Bb4 4.Qc2 d5 5.a3 Bxc3+ 6.Qxc3 O-O 7.cxd5 exd5 8.Bg5
Qd6 9.f3 b6 10.Rc1 c6 11.e3 Re8 12.Kf2 Bb7 13.Bd3 Nbd7 14.Ne2 c5 15.Ng3 c4
16.Bb1 b5 17.Nf5 Qb6 18.g4 a5 19.Qc2 g6 20.Nh6+ Kg7 21.h4 b4 22.h5 Qe6 23.Rcg1
Kh8 24.Nxf7+ Qxf7 25.hxg6 Qf8 26.g7+ Qxg7 27.Bxf6 Nxf6 28.g5 Qe7 29.Kf1 b3
30.Qf5 Ne4 31.g6 Rf8 32.g7+ Qxg7 33.Rxg7 Rxf5 34.Rhxh7# 1-0

[Event "Tournament (Elo) (c)"]
[Site "masterchessopen.com Budapest (Hungary)"]
[Date "2009.07.08"]
[Round "5"]
[White "Pollak Andras (HUN)"]
[Black "Szoukup Istvan (HUN)"]
[Result "0-1"]
[WhiteElo "1693"]
[BlackElo "1783"]

1.d4 Nf6 2.c4 e6 3.Nc3 Bb4 4.Qc2 d5 5.a3 Bxc3+ 6.Qxc3 O-O 7.Bg5 dxc4 8.Qxc4
Qd5 9.Qxd5 Nxd5 10.Nf3 Nc6 11.e3 h5 12.e4 Nb6 13.Be2 f6 14.Be3 g5 15.b3 Bd7
16.h3 Kg7 17.Nd2 Be8 18.Rc1 Rd8 19.b4 Rf7 20.Nb3 Re7 21.b5 Nb8 22.O-O c6
23.bxc6 Nxc6 24.e5 Nd5 25.exf6+ Kxf6 26.Nc5 Nf4 27.Ne4+ Kg6 28.Bxf4 gxf4
29.Rc4 Kh6 30.Nf6 Nxd4 31.Ng8+ Kh7 32.Nxe7 Nxe2+ 33.Kh2 Rd7 34.Re1 f3 35.g3
Rxe7 {#R} 0-1